00939cam a2200229 a 450000100100000000500170001000800410002702000150006804000250008308200190010810000380012724501200016526001490028530000210043449000250045550400580048065000540053865000140059265100350060665100430064183000250068400001467220200929163900.0010827s2001 mx b 000 0 spa d a9688569054 aDO-SdBNPbspacBNPHU a305.897bS486m1 aSerna Moreno, J. Jesús María.10aMéxico, un pueblo testimonio :blos indios y la nación en nuestra América /cJ. Jesús María Serna Moreno. aMéxico :bUniversidad Nacional Autónoma de México ;bCentro Coordinador y Difusor de Estudios Latinoamericanos ;bPlaza y Valdés,c2001. a180 p. ;c23 cm.1 aDemocracia y cultura aIncluye referencias bibliográficas (p. [161] -180). 4aIndigenas de méxicoxRelaciones gubernamentales 4aIndigenas 4aMéxicoxRelaciones Étnicas 4aAmérica LatinaxRelaciones Étnicas 0aDemocracia y cultura